Current American Footballers - Statistics

General Stats
  • This quiz has been taken 61 times
  • The average score is 14 of 163
Answer Stats
Total Appearances Last Appearance Current Club Answer % Correct
64 2023 Milan Christian Pulisic
95%
49 2023 Juventus Weston McKennie
61%
35 2023 Juventus Tim Weah
52%
37 2023 Nottingham Forest Matt Turner
46%
32 2023 PSV (Barcelona) Sergino Dest
46%
36 2022 Bournemouth Tyler Adams
46%
39 2023 Fulham Antonee Robinson
45%
24 2023 Borussia Dortmund Gio Reyna
43%
29 2024 FC Cincinnati Miles Robinson
43%
55 2023 Fulham Tim Ream
38%
33 2023 Milan Yunus Musah
34%
42 2023 Nashville SC Walker Zimmerman
32%
38 2023 Union Berlin (Leeds United) Brenden Aaronson
30%
23 2022 Norwich City Josh Sargent
30%
1 2023 Eintracht Frankfurt Paxten Aaronson
29%
13 2023 Toronto FC Sean Johnson
27%
8 2023 Monaco Folarin Balogun
23%
64 2019 Atlanta United Brad Guzan
21%
81 2023 Inter Miami DeAndre Yedlin
21%
115 2019 Free Agent Jozy Altidore
21%
22 2023 PSV Ricardo Pepi
21%
5 2024 Columbus Crew Aidan Morris
20%
55 2023 Seattle Sounders Jordan Morris
20%
14 2023 Crystal Palace Chris Richards
18%
8 2024 New England Revolution DeJuan Jones
18%
7 2022 Coventry City Haji Wright
18%
8 2023 PSV (Bayern Munich) Malik Tillman
18%
1 2024 Los Angeles FC Timothy Tillman
18%
29 2022 Colorado Rapids Zach Steffen
18%
45 2021 TSG Hoffenheim John Brooks
16%
13 2023 Venezia Gianluca Busio
14%
67 2022 Austin FC Gyasi Zardes
14%
29 2016 Eintracht Frankfurt Timothy Chandler
14%
23 2023 FC Dallas Jesus Ferreira
13%
15 2018 Greuther Furth Julian Green
13%
58 2023 Free Agent Kellyn Acosta
13%
20 2023 Celta Vigo Luca de la Torre
13%
66 2017 Philadelphia Union Alejandro Bedoya
11%
8 2023 Guadalajara Cade Cowell
11%
16 2023 Celtic Cameron Carter-Vickers
11%
10 2023 West Bromwich Albion Daryl Dike
11%
9 2023 Nottingham Forest Ethan Horvath
11%
1 2023 Eupen (Chelsea) Gabriel Slonina
11%
8 2023 Borussia Monchengladbach Joe Scally
11%
18 2024 Nashville SC Shaq Moore
11%
35 2023 Los Angeles FC Aaron Long
9%
9 2023 Betis Johnny Cardoso
9%
6 2023 Inter Miami Julian Gressel
9%
13 2023 Genk Mark McKenzie
9%
38 2016 Free Agent Mix Diskerud
9%
37 2023 Seattle Sounders Cristian Roldan
7%
11 2023 Colorado Rapids Djordje Mihailovic
7%
3 2023 VFL Wolfsburg Kevin Paredes
7%
3 2021 Eibar (Marseille) Konrad de la Fuente
7%
8 2023 Middlesbrough Matthew Hoppe
7%
28 2023 FC Cincinnati Matt Miazga
7%
50 2023 FC Dallas Paul Arriola
7%
2 2023 Sheffield United Auston Trusty
5%
1 2024 St. Louis City Aziel Jackson
5%
25 2018 Columbus Crew Darlington Nagbe
5%
7 2022 LASK George Bello
5%
9 2022 Borussia Monchengladbach (Union Berlin) Jordan Pefok
5%
2 2023 1. FC Heidenheim Lennard Maloney
5%
52 2019 FC Dallas Omar Gonzalez
5%
33 2021 FC Dallas Sebastian Lletget
5%
45 2018 New England Revolution Bobby Wood
4%
7 2023 Westerlo Bryan Reynolds
4%
2 2023 Atlanta United Caleb Wiley
4%
2 2019 Columbus Crew Christian Ramirez
4%
1 2024 Real Salt Lake Diego Luna
4%
2 2016 Memphis 901 Emerson Hyndman
4%
4 2022 Panathinaikos Erik Palmer-Brown
4%
16 2021 San Jose Earthquakes Jackson Yueill
4%
13 2023 New York City FC James Sands
4%
4 2024 New York Red Bulls John Tolkin
4%
28 2018 San Antonio FC Juan Agudelo
4%
4 2018 Seattle Sounders Kelyn Rowe
4%
3 2023 Palermo Kristoffer Lund
4%
4 2018 Stoke City Lynden Gooch
4%
1 2024 Columbus Crew Patrick Schulte
4%
3 2023 FC Dallas Paxton Pomykal
4%
2 2023 Venezia Tanner Tessmann
4%
2 2023 Utrecht Taylor Booth
4%
13 2016 SV Waldhof Mannheim Terrence Boyd
4%
10 2019 Nashville SC Tyler Boyd
4%
20 2019 Minnesota United Wil Trapp
4%
5 2023 Huracan Alan Sonora
2%
7 2023 America Alejandro Zendejas
2%
3 2018 Venezia Andrija Novakovich
2%
19 2015 Valur Aron Johansson
2%
1 2020 Toronto FC Ayo Akinola
2%
1 2023 Inter Miami Benjamin Cremaschi
2%
1 2024 FC Dallas Bernard Kamungo
2%
8 2023 Monterrey Brandon Vazquez
2%
1 2024 Vancouver Whitecaps Brian White
2%
13 2017 Atlanta United Dax McCarty
2%
1 2024 Orlando City Duncan McGuire
2%
1 2023 Le Havre Emmanuel Sabbi
2%
1 2024 New England Revolution Esmir Bajraktarevic
2%
3 2016 Austin FC Ethan Finlay
2%
54 2017 Free Agent Graham Zusi
2%
1 2024 Philadelphia Union Jack McGlynn
2%
6 2023 LA Galaxy Jalen Neal
2%
1 2019 San Jose Earthquakes Jeremy Ebobisse
2%
23 2018 Tijuana Joe Corona
2%
3 2019 Degerfors IF Joe Gyau
2%
2 2023 Real Sociedad Jonathan Gomez
2%
1 2024 Seattle Sounders Josh Atencio
2%
2 2013 Gold Star FC Josh Gatt
2%
1 2023 Barcelona Julian Araujo
2%
1 2018 New York City FC Keaton Parks
2%
1 2020 New York Red Bulls Kyle Duncan
2%
3 2015 Charlotte Independence Miguel Ibarra
2%
8 2021 Como Nicholas Gioacchini
2%
9 2019 New England Revolution Nick Lima
2%
1 2020 Club Brugge Owen Otasowie
2%
1 2020 PSV Richard Ledezma
2%
7 2018 Queretaro (Real Salt Lake) Rubio Rubin
2%
1 2023 Lillestrom Sam Rogers
2%
9 2022 Colorado Rapids Sam Vines
2%
11 2017 DC United Steve Birnbaum
2%
1 2016 Maryland Bobcats Tony Tchani
2%
1 2021 DC United Aaron Herrera
0%
1 2018 DC United Alex Bono
0%
16 2019 San Jose Earthquakes Alfredo Morales
0%
1 2021 New York City FC Andres Perea
0%
1 2015 Free Agent Andrew Wooten
0%
2 2018 New England Revolution Ben Sweat
0%
1 2020 Toronto FC Brandon Servania
0%
1 2021 Atlanta United Brooks Lennon
0%
1 2016 Lamia Caleb Stanko
0%
1 2020 Houston Dynamo Chase Gasper
0%
2 2021 Chicago Fire Chris Mueller
0%
4 2018 Free Agent CJ Sapong
0%
1 2021 Colorado Rapids Cole Bassett
0%
4 2019 FC Cincinnati Corey Baird
0%
13 2019 Nashville SC Daniel Lovitz
0%
3 2017 Free Agent David Bingham
0%
4 2017 Free Agent Dom Dwyer
0%
2 2021 Barnsley Donovan Pines
0%
6 2023 Portland Timbers Eryk Williamson
0%
2 2018 Vancouver Whitecaps Fafa Picault
0%
2 2021 New England Revolution Henry Kessler
0%
2 2019 Lyngby Jonathan Amon
0%
8 2021 Colorado Rapids Jonathan Lewis
0%
26 2014 Free Agent Jose Francisco Torres
0%
4 2018 Maccabi Haifa Kenny Saief
0%
2 2014 Spokane Velocity Luis Gil
0%
1 2020 FC Dallas Marco Farfan
0%
6 2018 LA Galaxy Mark Delgado
0%
5 2017 Austin FC Matt Hedges
0%
1 2018 Free Agent Matthew Olosunde
0%
1 2018 New England Revolution Matt Polster
0%
29 2016 Orange County SC Michael Orozco
0%
1 2018 FC Rot-Weiß Erfurt Romain Gall
0%
1 2024 Columbus Crew Sean Zawadzki
0%
2 2020 Austria Klagenfurt Sebastian Soto
0%
4 2012 Nashville SC Teal Bunbury
0%
2 2018 St. Louis City Tim Parker
0%
3 2020 VFL Wolfsburg Ulysses Llanez
0%
13 2015 Mazatlan Ventura Alvarado
0%
2 2013 Free Agent Will Bruin
0%
3 2016 San Jose Earthquakes William Yarbrough
0%
No matching quizzes found
Score Distribution
Percent of People with Each Score
Percentile by Number Answered
Your Score History
You have not taken this quiz